000 00691nam a2200241Ia 4500
003 OSt
005 20220925235320.0
006 a|||||r|||| 00| 0
007 ta
008 220923b |||||||| |||| 00| 0 eng d
037 _cGeneral Book
040 _aRTL
_cRTL
_beng
041 _2eng
_aeng
082 _aU43.252EL.N8, M9
100 _aSharma R C
_95853
245 0 _aRegional planning for social development
260 _a New Delhi
_bCriterion
_c1989
300 _axxxii,400p
_ccm.
500 _aBibliography P 378-97; Appendix P 279-377
650 _aUrban Geography
942 _hU43.252EL.N8, M9
_cGB
_2CC
999 _c597119
_d597119